| 000 | 00000nam 22000008i 4500 |
| 001 | 9.857290 |
| 003 | CaOODSP |
| 005 | 20250819135153 |
| 007 | cr ||||||||||| |
| 008 | 180601t20182018onc o f100 0 fre d |
| 020 | |a9780660267852 |
| 040 | |aCaOODSP|bfre|cCaOODSP|erda |
| 043 | |an-cn--- |
| 086 | 1 |aFC5-35/2017F-PDF |
| 245 | 00|aPoints saillants de la Conférence de 2017 : |bConférence nationale sur la littératie financière. |
| 264 | 1|aOttawa, ON : |bAgence de la consommation en matière financière du Canada, |c[2018] |
| 264 | 4|cc2018 |
| 300 | |a1 ressource en ligne (22 pages) : |bphotographies en couleur. |
| 336 | |atexte|btxt|2rdacontent/fre |
| 337 | |ainformatique|bc|2rdamedia/fre |
| 338 | |aressource en ligne|bcr|2rdacarrier/fre |
| 500 | |aPubl. aussi en anglais sous le titre : 2017 event highlights National Conference on Financial Literacy. |
| 520 | |a« Le présent rapport présente une synthèse des principaux thèmes et idées qui sont ressortis de la Conférence de 2017, tenue à Montréal (Québec) du 1er au 3 novembre ». |
| 692 | 07|2gccst|aFinances |
| 710 | 2 |aAgence de la consommation en matière financière du Canada. |
| 775 | 08|t2017 event highlights National Conference on Financial Literacy.|w(CaOODSP)9.857287 |
| 856 | 40|qPDF|s2.56 Mo|uhttps://publications.gc.ca/collections/collection_2019/acfc-fcac/FC5-35-2017-fra.pdf |